| 000 | 00817nam a2200205Ia 4500 | ||
|---|---|---|---|
| 003 | GCL | ||
| 008 | 140319s9999 xx 000 0 ara d | ||
| 040 |
_aGCL / _cGCL |
||
| 082 | 0 | 4 |
_a953.09 _bم ا |
| 100 | 1 | _aمحمد فرج | |
| 245 | 1 | 0 |
_aالامة العربية على الطريق الى وحدة الهدف: تاريخ الامة العربية من الاحتلال العثمانى الى مؤتمر القمه العربى ( 1514 - 1964 ) / _cمحمد فرج |
| 300 | _a670 ص | ||
| 490 |
_aالهيئة العامة للاستعلامات _v0 |
||
| 650 | 0 | 4 | _aالتاريخ الاسلامى |
| 650 | 0 | 4 | _aالتاريخ |
| 650 | 0 | 4 | _aالامبراطورية العثمانية |
| 650 | 0 | 4 | _aالحضارة الاسلامية |
| 650 | 0 | 4 | _aالعالم العربى - تاريخ |
| 942 |
_2ddc _cBK |
||
| 999 |
_c50077 _d50077 |
||